| 000 | 01372cam a2200337 a 4500 | ||
|---|---|---|---|
| 999 |
_c529421 _d529421 |
||
| 001 | 3246070 | ||
| 003 | NUST | ||
| 005 | 20190925163204.0 | ||
| 008 | 810812s1980 dcua bs f000 0 eng | ||
| 010 | _a 80054556 | ||
| 020 |
_a0309031532 (pbk.) : _c$6.80 |
||
| 038 | _aMSOHAIL | ||
| 040 |
_aDLC _cDLC _dDLC |
||
| 043 | _an-us--- | ||
| 050 | 0 | 0 |
_aHE308 _b.A62 |
| 082 | 0 | 0 |
_a388.4131430973 _219 |
| 245 | 0 | 0 |
_aAlternative work schedules : _bimpacts on transportation. |
| 260 |
_aWashington, D.C. : _bTransportation Research Board, National Research Council, _c1980. |
||
| 300 |
_a54 p. : _bill. ; _c28 cm. |
||
| 490 | 1 |
_aNational Cooperative Highway Research Program synthesis of highway practice, _x0547-5570 ; _v73 |
|
| 500 | _a"Research sponsored by the American Association of State Highway and Transportation Officials in cooperation with the Federal Highway Administration." | ||
| 504 | _aIncludes bibliographical references. | ||
| 650 | 0 |
_aUrban transportation _zUnited States. _921433 |
|
| 650 | 0 |
_aCommuting _zUnited States. _921434 |
|
| 650 | 0 |
_aTraffic flow _zUnited States. _921435 |
|
| 650 | 0 |
_aFlextime _zUnited States. _921436 |
|
| 710 | 2 |
_aNational Research Council (U.S.). _bTransportation Research Board. _919676 |
|
| 830 | 0 |
_aSynthesis of highway practice ; _v73. _921437 |
|
| 906 |
_a7 _bcbc _corignew _d2 _eocip _f19 _gy-gencatlg |
||
| 942 |
_2ddc _cBK |
||